Получение и применение микробиологических средств защиты растений, кормовых антибиотиков и бактериальных удобрений. 1983, Вып.3: Кормогризин - высокоэффективный отечественный препарат для сельскохозяйственных животных. Производство и применение (Запись № 3656564)

Подробности
000 -МАРКЕР
контрольное поле 01580nam2a22002531 4500
001 - ИДЕНТИФИКАТОР ЗАПИСИ
контрольное поле RU\NLR\INFOCOMM44\1000046235
005 - ИДЕНТИФИКАТОР ВЕРСИИ
контрольное поле 20250617131953.0
035 ## - ДРУГИЕ СИСТЕМНЫЕ НОМЕРА
Идентификатор записи (NLR Aleph) 002625910
100 ## - ДАННЫЕ ОБЩЕЙ ОБРАБОТКИ
Данные общей обработки 20040719d1983 |||y0rusy50 ca
101 0# - ЯЗЫК РЕСУРСА
Язык текста, звукозаписи и т.д. русский
102 ## - СТРАНА ПУБЛИКАЦИИ ИЛИ ПРОИЗВОДСТВА
Страна публикации российская федерация
105 ## - ПОЛЕ КОДИРОВАННЫХ ДАННЫХ: ТЕКСТОВЫЕ МАТЕРИАЛЫ, МОНОГРАФИЧЕСКИЕ
Кодированные данные о монографическом текстовом документе y |||||||||
200 1# - ЗАГЛАВИЕ И СВЕДЕНИЯ ОБ ОТВЕТСТВЕННОСТИ
Основное заглавие Кормогризин - высокоэффективный отечественный препарат для сельскохозяйственных животных. Производство и применение
Первые сведения об ответственности А.М. Макухина и др.
210 ## - ПУБЛИКАЦИЯ, РАСПРОСТРАНЕНИЕ И ДР.
Дата издания, распространения и т.д. 1983
Место издания, распространения и т.д. Б. м.
461 #0 - УРОВЕНЬ НАБОРА
Встроенное поле 001RU\NLR\INFOCOMM44\1000046225
-- 2001#$aПолучение и применение микробиологических средств защиты растений, кормовых антибиотиков и бактериальных удобрений$eОбзор. информ.$fМ-во мед. и микробиол. пром-сти СССР. ЦБТНИ$v1983, Вып.3
Системный номер (АБИС) связанной записи 3656477
Место публикации М.
Дата публикации 1979-1987
Первые сведения об ответственности М-во мед. и микробиол. пром-сти СССР. ЦБТНИ
Сведения, относящиеся к заглавию Обзор. информ.
Заглавие Получение и применение микробиологических средств защиты растений, кормовых антибиотиков и бактериальных удобрений
Номер тома 1983, Вып.3
700 #1 - ИМЯ ЛИЦА - ПЕРВИЧНАЯ ОТВЕТСТВЕННОСТЬ
Начальный элемент ввода Макухина
Часть имени, кроме начального элемента ввода А.М.
Код отношения Автор
801 #1 - ИСТОЧНИК ЗАПИСИ
Страна российская федерация
Организация InfoComm
Дата составления 20040719
801 #0 - ИСТОЧНИК ЗАПИСИ
Страна российская федерация
Организация NLR
Правила каталогизации PSBO
852 ## - МЕСТОНАХОЖДЕНИЕ И ШИФР ХРАНЕНИЯ
Идентификатор организации NLR
Шифр хранения (Call Number) П10/5624
942 ## - ДОПОЛНИТЕЛЬНЫЕ ЭЛЕМЕНТЫ ЗАПИСИ (АБИС)
Тип экземпляра АБИС Выпуск
980 ## - КОЛЛЕКЦИЯ
Название коллекции Национальная библиография
980 ## - КОЛЛЕКЦИЯ
Название коллекции Русская периодика

Нет доступных экземпляров.